[Event "Titled Tue 1st Jul Late"]
[Site "chess.com INT"]
[Date "2025.07.01"]
[Round "3"]
[White "Nifdaliyev, Jahangir"]
[Black "Rogov, Matfey"]
[Result "0-1"]
[WhiteTitle "FM"]
[BlackTitle "FM"]
[WhiteElo "2312"]
[BlackElo "2348"]
[WhiteFideId "13407740"]
[BlackFideId "44191308"]
[EventDate "2025.07.01"]

1. Nf3 d5 2. g3 Nc6 3. d4 Bf5 4. Bg2 Nb4 5. Na3 e6 6. O-O h6 7. c3 Nc6 8. c4
Bxa3 9. bxa3 Nf6 10. Bf4 O-O 11. Qb3 Na5 12. Qb4 c6 13. c5 Be4 14. Bd6 Bxf3 15.
Bxf3 Re8 16. Rab1 b5 17. cxb6 axb6 18. Be5 Nc4 19. Rfc1 b5 20. Qc5 Ra6 21. a4
Nd7 22. Qb4 Rxa4 23. Qc3 Ra3 24. Qb4 Ndxe5 25. dxe5 Qe7 26. Qxe7 Rxe7 27. Rc2
Rea7 28. e4 Rxf3 0-1

[Event "Titled Tue 1st Jul Late"]
[Site "chess.com INT"]
[Date "2025.07.01"]
[Round "3"]
[White "Sanal, Vahap"]
[Black "Manukian, Artak"]
[Result "1-0"]
[WhiteTitle "GM"]
[WhiteElo "2564"]
[BlackElo "2104"]
[WhiteFideId "6300545"]
[BlackFideId "13301373"]
[EventDate "2025.07.01"]

1. Nf3 g6 2. e4 Bg7 3. d4 c5 4. dxc5 Qa5+ 5. Bd2 Qxc5 6. Bc3 Nf6 7. Bd3 O-O 8.
O-O d6 9. Nbd2 Nc6 10. h3 a6 11. a4 Be6 12. a5 h6 13. Re1 Rfd8 14. Nb3 Bxb3 15.
cxb3 Ne5 16. Nxe5 dxe5 17. Qe2 Nh5 18. Bc4 Nf4 19. Qf1 Ne6 20. Bxe6 fxe6 21. b4
Qb5 22. Qxb5 axb5 23. Red1 Kf7 24. f3 h5 25. Kf2 Rd6 26. Ke2 Raa6 27. Rdc1 Ke8
28. Rc2 Kd7 29. Rg1 Bf6 30. g4 hxg4 31. hxg4 g5 32. Rh1 Ra8 33. Rd2 Rxd2+ 34.
Bxd2 Rh8 35. Rd1 Kc6 36. Bc3 Rh2+ 37. Ke3 Kc7 38. Rc1 Kb8 39. Bd2 Rg2 40. Rc5 1-0

[Event "Titled Tue 1st Jul Late"]
[Site "chess.com INT"]
[Date "2025.07.01"]
[Round "3"]
[White "Fernandes, Rogerio Paulo Muller"]
[Black "Yatskar, Martin"]
[Result "0-1"]
[BlackTitle "CM"]
[WhiteElo "2241"]
[BlackElo "2225"]
[WhiteFideId "2101599"]
[BlackFideId "34109676"]
[EventDate "2025.07.01"]

1. c4 e6 2. g3 d5 3. Bg2 c5 4. Nf3 Nc6 5. O-O d4 6. a3 a5 7. d3 Nf6 8. e3 h6 9.
exd4 cxd4 10. Nbd2 Bd6 11. Rb1 O-O 12. Re1 e5 13. Ne4 Nxe4 14. Rxe4 Bf5 15. Re1
Re8 16. Qc2 g5 17. Bd2 Bf8 18. b4 axb4 19. axb4 e4 20. dxe4 d3 21. Qb3 Bxe4 22.
Bc3 d2 23. Rxe4 Rxe4 24. Nxd2 Re2 25. Ne4 Bg7 26. Bxg7 Kxg7 27. b5 Nd4 28. Qd3
Raa2 29. Rd1 f5 30. Nc3 Rad2 31. Rxd2 Rxd2 32. Qe3 g4 33. Bxb7 Rd3 34. Qe5+ Kg6 0-1

[Event "Titled Tue 1st Jul Late"]
[Site "chess.com INT"]
[Date "2025.07.01"]
[Round "3"]
[White "Mardov, Dimitar"]
[Black "Smirnov, Alexandr A."]
[Result "1-0"]
[WhiteTitle "IM"]
[BlackTitle "FM"]
[WhiteElo "2506"]
[BlackElo "2136"]
[WhiteFideId "30919495"]
[BlackFideId "24104396"]
[EventDate "2025.07.01"]

1. Nf3 Nf6 2. b3 g6 3. Bb2 Bg7 4. g3 O-O 5. Bg2 d6 6. O-O c5 7. c4 Nc6 8. d4
cxd4 9. Nxd4 Bd7 10. Nc3 Nxd4 11. Qxd4 Bc6 12. Nd5 Bxd5 13. Bxd5 Ne8 14. Qd2
Bxb2 15. Qxb2 Qb6 16. h4 Nc7 17. Bf3 Ne6 18. Rfd1 a5 19. h5 gxh5 20. Rd5 a4 21.
Rad1 axb3 22. axb3 Ra5 23. b4 Rxd5 24. Rxd5 f6 25. Rxh5 Ng7 26. Rb5 Qa6 27. Rxb7
Qxc4 28. Rxe7 Rc8 29. Qxf6 1-0

[Event "Titled Tue 1st Jul Late"]
[Site "chess.com INT"]
[Date "2025.07.01"]
[Round "3"]
[White "Luo, Terry"]
[Black "Jimenez Salas, Maria Teresa"]
[Result "0-1"]
[WhiteTitle "IM"]
[BlackTitle "WIM"]
[WhiteElo "2300"]
[BlackElo "2170"]
[WhiteFideId "30931045"]
[BlackFideId "3843866"]
[EventDate "2025.07.01"]

1. d4 d5 2. Nf3 Nf6 3. Bf4 c5 4. e3 Nc6 5. Nbd2 Qb6 6. dxc5 Qxb2 7. Rb1 Qxa2 8.
Bb5 e6 9. Be5 Qa5 10. O-O Be7 11. c4 O-O 12. Nb3 Qd8 13. Bxc6 bxc6 14. Nbd4 Bd7
15. Rb7 Bxc5 16. Qa4 Ne4 17. Nb3 f6 18. cxd5 exd5 19. Bf4 Bb6 20. h4 Nc3 21. Qa3
Ne2+ 22. Kh2 Nxf4 23. exf4 Qc8 24. Rxb6 axb6 25. Qd6 Rd8 26. Re1 Bg4 27. Qe7
Bxf3 28. Nd4 Rd7 29. Qe6+ Rf7 30. Qd6 Be4 31. f3 Bd3 32. Re3 Bb5 33. f5 Qb8 34.
Qxb8+ Rxb8 35. Re6 Rc7 0-1

[Event "Titled Tue 1st Jul Late"]
[Site "chess.com INT"]
[Date "2025.07.01"]
[Round "3"]
[White "Karvatskyi, Oleksii"]
[Black "Kharitonov, Sergei"]
[Result "1-0"]
[WhiteTitle "CM"]
[BlackTitle "CM"]
[WhiteElo "2258"]
[BlackElo "2014"]
[WhiteFideId "14191059"]
[BlackFideId "4129750"]
[EventDate "2025.07.01"]

1. Nc3 c5 2. Nf3 Nc6 3. d4 cxd4 4. Nxd4 g6 5. h4 h5 6. e4 Bg7 7. Be3 Nf6 8. Qf3
Qa5 9. O-O-O d6 10. Bc4 Bg4 11. Qg3 Bxd1 12. Rxd1 Rc8 13. Nxc6 bxc6 14. Kb1 Ng4
15. Bd4 Bxd4 16. Rxd4 Qe5 17. Qd3 Nxf2 18. Qd2 Ng4 19. Bb3 O-O 20. Ra4 Rc7 21.
a3 Kg7 22. Ne2 c5 23. Ng1 Qf6 24. Nf3 Ne5 25. Ng5 c4 26. Ba2 c3 27. bxc3 Qf1+
28. Kb2 Rb7+ 29. Rb4 Rxb4+ 30. axb4 Nc4+ 31. Bxc4 Qxc4 32. g4 hxg4 33. Qf4 d5
34. Qe5+ Kg8 35. exd5 f6 36. Qe6+ Kg7 37. Qxe7+ Rf7 38. Qxf7+ Kh8 39. Qh7# 1-0

[Event "Titled Tue 1st Jul Late"]
[Site "chess.com INT"]
[Date "2025.07.01"]
[Round "3"]
[White "Ambartsumian, Tyhran"]
[Black "Caruana, Fabiano"]
[Result "1-0"]
[WhiteTitle "CM"]
[BlackTitle "GM"]
[WhiteElo "2244"]
[BlackElo "2777"]
[WhiteFideId "34161112"]
[BlackFideId "2020009"]
[EventDate "2025.07.01"]

1. e4 c5 2. Nf3 Nc6 3. Bb5 e6 4. O-O Nge7 5. Re1 Ng6 6. c3 Be7 7. d4 cxd4 8.
cxd4 d5 9. e5 Bd7 10. Nc3 O-O 11. Be3 h6 12. Bd3 f5 13. Ne2 Be8 14. Rc1 Rc8 15.
a3 a6 16. b4 Na7 17. Qb3 b5 18. g3 Rc4 19. h4 Qd7 20. h5 Nh8 21. Nf4 Bg5 22.
Nxg5 hxg5 23. Nh3 Bxh5 24. Bxg5 Nc6 25. Bxc4 dxc4 26. Qe3 Nxd4 27. Rcd1 Bxd1 28.
Rxd1 Nf7 29. Rxd4 Qc7 30. Bf4 Rd8 31. Ng5 Rxd4 32. Qxd4 Nxg5 33. Bxg5 Qc6 34.
Qd6 Qf3 35. Qxe6+ Kh7 36. Qf7 c3 37. e6 1-0

[Event "Titled Tue 1st Jul Late"]
[Site "chess.com INT"]
[Date "2025.07.01"]
[Round "3"]
[White "Leenhouts, Koen"]
[Black "Bernat, David"]
[Result "1-0"]
[WhiteTitle "GM"]
[WhiteElo "2476"]
[BlackElo "1917"]
[WhiteFideId "1008439"]
[BlackFideId "2099225"]
[EventDate "2025.07.01"]

1. e4 c5 2. Nf3 g6 3. c3 Nf6 4. e5 Nd5 5. d4 cxd4 6. cxd4 Nc6 7. Bc4 Nb6 8. Bb3
Bg7 9. O-O d6 10. exd6 Qxd6 11. Nc3 O-O 12. d5 Ne5 13. h3 Nxf3+ 14. Qxf3 Bf5 15.
Re1 a6 16. Bf4 Qd8 17. Rad1 a5 18. a3 Rc8 19. g4 Bd7 20. Bg5 Bf6 21. Bxf6 exf6
22. d6 Nc4 23. Re7 Nxb2 24. Rde1 Bc6 25. Qxf6 Nd3 26. Bxf7+ 1-0

[Event "Titled Tue 1st Jul Late"]
[Site "chess.com INT"]
[Date "2025.07.01"]
[Round "3"]
[White "Rodriguez, Santiago"]
[Black "Munoz, Miguel"]
[Result "1-0"]
[WhiteTitle "CM"]
[BlackTitle "GM"]
[WhiteElo "2252"]
[BlackElo "2321"]
[WhiteFideId "3000591"]
[BlackFideId "3800229"]
[EventDate "2025.07.01"]

1. d4 Nf6 2. Bg5 c5 3. d5 Qb6 4. Nc3 Qxb2 5. Bd2 Qb6 6. e4 e5 7. f4 d6 8. Nf3
Nbd7 9. Rb1 Qd8 10. fxe5 dxe5 11. Bb5 a6 12. Bxd7+ Nxd7 13. a4 Bd6 14. O-O O-O
15. Qe1 f6 16. Nh4 g6 17. Qg3 Rf7 18. Rf3 Kh8 19. Rbf1 Qg8 20. a5 Rb8 21. Nd1 b5
22. axb6 Rxb6 23. Ne3 Rb4 24. Bxb4 cxb4 25. Ng4 Qg7 26. Kh1 a5 27. Qf2 Bc5 28.
Qe2 h5 29. Nf2 a4 30. Qb5 a3 31. Nd3 Be7 32. Rg3 Nf8 33. Qe8 Bg4 34. Nxe5 fxe5
35. Rxf7 Qh6 36. Rf1 Bxh4 37. Rxf8+ Kh7 38. Rh8+ 1-0

[Event "Titled Tue 1st Jul Late"]
[Site "chess.com INT"]
[Date "2025.07.01"]
[Round "3"]
[White "Jing, Andrew"]
[Black "Rodgers, Jack"]
[Result "1-0"]
[WhiteTitle "FM"]
[BlackTitle "FM"]
[WhiteElo "2292"]
[BlackElo "2183"]
[WhiteFideId "30984076"]
[BlackFideId "3220885"]
[EventDate "2025.07.01"]

1. e4 g6 2. d4 Bg7 3. Nc3 c5 4. d5 d6 5. f4 a6 6. a4 Nh6 7. Nf3 Bg4 8. h3 Bxf3
9. Qxf3 O-O 10. Bd3 e6 11. O-O Nd7 12. a5 exd5 13. Nxd5 f5 14. c3 Rc8 15. Bc4
Kh8 16. exf5 Nxf5 17. Bd2 Nf6 18. Kh2 Nh4 19. Qd3 Rb8 20. Be1 Nf5 21. Bf2 Nxd5
22. Bxd5 Ne7 23. Bh4 Bf6 24. Bxf6+ Rxf6 25. Rae1 Nxd5 26. Qxd5 Qxa5 27. Re6 Qd8
28. f5 Qf8 29. g4 b5 30. b4 cxb4 31. cxb4 Rc8 32. Qd4 Rc2+ 33. Kg3 Kg7 34. g5
gxf5 35. Rxf6 1-0

[Event "Titled Tue 1st Jul Late"]
[Site "chess.com INT"]
[Date "2025.07.01"]
[Round "3"]
[White "Stevik, Patrik"]
[Black "Dambaev, Dashi"]
[Result "1-0"]
[WhiteTitle "FM"]
[BlackTitle "CM"]
[WhiteElo "2314"]
[BlackElo "2211"]
[WhiteFideId "14944812"]
[BlackFideId "55628494"]
[EventDate "2025.07.01"]

1. Nf3 d5 2. g3 c6 3. Bg2 Bg4 4. O-O Nd7 5. c4 Bxf3 6. Bxf3 Ne5 7. Bg2 Nxc4 8.
b3 Nd6 9. Bb2 Nf6 10. d3 e6 11. Nd2 Be7 12. e4 dxe4 13. dxe4 Nb5 14. a4 Nd4 15.
Nc4 c5 16. e5 Nd5 17. Bxd4 cxd4 18. Qxd4 O-O 19. Rfd1 Nb4 20. Qxd8 Raxd8 21.
Bxb7 Nc2 22. Rxd8 Rxd8 23. Rc1 Nd4 24. Rb1 Rb8 25. Na5 Ne2+ 26. Kf1 Nc3 27. Rc1
Bb4 28. Nc6 Rxb7 29. Nxb4 Rxb4 30. Rxc3 h5 31. Ke2 Re4+ 32. Kd3 Rxe5 33. Rc8+
Kh7 34. Rc7 a5 35. Rxf7 Kg6 36. Rf4 Rd5+ 37. Kc4 Kh6 38. b4 axb4 39. Kxb4 Rd1
40. Re4 Kg5 41. Rxe6 Rd2 42. h4+ Kf5 43. Re8 Kg4 44. Rf8 g5 45. hxg5 Kxg5 46. a5
Kg4 47. a6 h4 48. gxh4 Ra2 49. Kb5 Kxh4 50. Kb6 Kg5 51. a7 1-0

[Event "Titled Tue 1st Jul Late"]
[Site "chess.com INT"]
[Date "2025.07.01"]
[Round "3"]
[White "Zierk, Steven"]
[Black "Bouska, Jiri"]
[Result "1-0"]
[WhiteTitle "GM"]
[BlackTitle "FM"]
[WhiteElo "2489"]
[BlackElo "2318"]
[WhiteFideId "2034255"]
[BlackFideId "23722223"]
[EventDate "2025.07.01"]

1. e4 c5 2. Nf3 d6 3. d4 cxd4 4. Nxd4 Nf6 5. Nc3 Nc6 6. Bg5 Bd7 7. Qd2 a6 8.
O-O-O e6 9. f4 Be7 10. Nf3 b5 11. Bxf6 gxf6 12. f5 Qb6 13. g3 O-O-O 14. Bh3 Kb8
15. Ne2 Ne5 16. Nfd4 Nc4 17. Qd3 e5 18. Nb3 Ne3 19. Rde1 b4 20. Ned4 exd4 21.
Nxd4 d5 22. Qxe3 Bc5 23. Qf4+ Bd6 24. Qd2 dxe4 25. Rxe4 Bc6 26. Nxc6+ Qxc6 27.
Bg2 Qb6 28. Qe2 a5 29. Qf3 Be5 30. Rc4 Ka7 31. Rc6 Qb5 32. Rc5 Qb6 33. Rxa5+ Kb8
34. Qa8+ Kc7 35. Ra7+ Kd6 36. Qd5# 1-0

[Event "Titled Tue 1st Jul Late"]
[Site "chess.com INT"]
[Date "2025.07.01"]
[Round "3"]
[White "Aalto, Patrik"]
[Black "Mulawa, Cyprian"]
[Result "1-0"]
[WhiteTitle "FM"]
[BlackTitle "FM"]
[WhiteElo "2316"]
[BlackElo "2324"]
[WhiteFideId "510726"]
[BlackFideId "21001855"]
[EventDate "2025.07.01"]

1. c4 e5 2. g3 Nc6 3. Bg2 f5 4. Nc3 Nf6 5. d3 Bc5 6. e3 d6 7. Nge2 O-O 8. a3 a5
9. O-O Qe8 10. d4 Bb6 11. Rb1 f4 12. gxf4 Qh5 13. Ng3 Qh4 14. c5 Ba7 15. fxe5
dxe5 16. d5 Ne7 17. d6 Nf5 18. Nd5 Ng4 19. h3 Nxf2 20. Rxf2 Qxg3 21. Rf3 Qh4 22.
Ne7+ Nxe7 23. Qb3+ Be6 24. Qxe6+ Kh8 25. dxe7 Qe1+ 26. Kh2 Rxf3 27. e8=Q+ Rf8
28. Qh5 Bxc5 29. Qeg6 h6 30. Qhg4 Rg8 31. Q4e4 1-0

[Event "Titled Tue 1st Jul Late"]
[Site "chess.com INT"]
[Date "2025.07.01"]
[Round "3"]
[White "Omariev, Maksim"]
[Black "Rabin, Evan"]
[Result "1-0"]
[WhiteTitle "FM"]
[WhiteElo "2304"]
[BlackElo "1945"]
[WhiteFideId "4193423"]
[BlackFideId "2028670"]
[EventDate "2025.07.01"]

1. g4 e5 2. Bg2 h5 3. gxh5 Nf6 4. d4 exd4 5. Qxd4 Rxh5 6. Bf4 Nc6 7. Qe3+ Be7 8.
Nc3 d5 9. O-O-O Be6 10. Qg3 Rc8 11. Qxg7 Qd7 12. Nf3 Rh7 13. Qg3 Rh8 14. Bg5 Rg8
15. Qh4 Ng4 16. Bh3 Bxg5+ 17. Nxg5 Qd8 18. Bxg4 Qxg5+ 19. Qxg5 Rxg5 20. Bf3 Rd8
21. h4 Rg8 22. Nxd5 Kf8 23. Nxc7 Rc8 24. Nxe6+ fxe6 25. h5 Nb4 26. c3 Nc6 27. h6
Rh8 28. h7 Ne5 29. Be4 Kg7 30. f4 Ng6 31. Rdg1 b5 32. Rxg6+ Kf7 33. Rg5 b4 34.
Kc2 Rc7 35. Rhg1 bxc3 36. b3 Ke7 37. Rg7+ Kd6 38. Rxc7 Kxc7 39. Rg8 Rxh7 40.
Bxh7 Kd6 41. Rg5 e5 42. Rxe5 Kc6 43. Kxc3 Kd6 44. Bd3 Kc6 45. a4 Kd6 46. a5 Kc6
47. a6 Kb6 48. Kb4 Kc6 49. Bc4 Kb6 50. Re6+ Kc7 51. Kc5 Kd7 52. b4 Kc7 53. b5
Kd7 54. e3 Kc7 55. e4 Kd7 56. e5 Kc7 57. f5 Kd7 58. f6 Kc7 59. Re7+ Kb8 60. e6
Ka8 61. f7 Kb8 62. Bd5 1-0

[Event "Titled Tue 1st Jul Late"]
[Site "chess.com INT"]
[Date "2025.07.01"]
[Round "3"]
[White "Kracht, Raphael"]
[Black "Avalos Parra, Joao"]
[Result "1-0"]
[WhiteTitle "CM"]
[BlackTitle "FM"]
[WhiteElo "2195"]
[BlackElo "2150"]
[WhiteFideId "16214382"]
[BlackFideId "3402541"]
[EventDate "2025.07.01"]

1. e4 e5 2. Nf3 Nc6 3. Bb5 a6 4. Bxc6 dxc6 5. O-O Qf6 6. d4 exd4 7. Bg5 Qd6 8.
Nxd4 f6 9. Be3 Ne7 10. Nc3 Ng6 11. f4 Be7 12. Qf3 O-O 13. Rad1 Qb4 14. Nb3 Be6
15. a3 Qc4 16. Na5 Bg4 17. Nxc4 Bxf3 18. gxf3 Rfe8 19. Na5 Rab8 20. f5 Ne5 21.
Bf4 Bc5+ 22. Kg2 b6 23. Nb3 Bd6 24. Bxe5 Bxe5 25. Nd4 c5 26. Nc6 Rbc8 27. Nxe5
Rxe5 28. f4 Re7 29. Kf3 b5 30. Nd5 Ree8 31. Rg1 Kf7 32. Rg2 c6 33. Rdg1 g6 34.
Ne3 Rcd8 35. fxg6+ hxg6 36. Rxg6 Rf8 37. Rg7+ Ke6 38. f5+ Ke5 39. c3 Rfe8 40.
Ng4+ Kd6 41. e5+ Kd5 42. b3 c4 43. b4 c5 44. Rc7 1-0

[Event "Titled Tue 1st Jul Late"]
[Site "chess.com INT"]
[Date "2025.07.01"]
[Round "3"]
[White "Romero Ruscalleda, Josep"]
[Black "Ryabukhin, Roman"]
[Result "1-0"]
[WhiteTitle "FM"]
[BlackTitle "CM"]
[WhiteElo "2110"]
[BlackElo "2236"]
[WhiteFideId "2231859"]
[BlackFideId "24257893"]
[EventDate "2025.07.01"]

1. e4 c5 2. c3 e5 3. Nf3 Nc6 4. Bc4 Nf6 5. d3 Be7 6. O-O O-O 7. h3 d6 8. Bb3 h6
9. Be3 Rb8 10. Nbd2 b5 11. d4 exd4 12. cxd4 Re8 13. e5 dxe5 14. dxe5 Nd5 15.
Bxc5 Bxc5 16. Rc1 Ne3 17. fxe3 Bxe3+ 18. Kh1 Bxd2 19. Rxc6 Be3 20. Qe2 Bb6 21.
Ng5 Qxg5 22. Bxf7+ Kf8 23. Qf3 Rxe5 24. Be6+ Ke7 25. Qf7+ Kd8 26. Rd1+ 1-0

[Event "Titled Tue 1st Jul Late"]
[Site "chess.com INT"]
[Date "2025.07.01"]
[Round "3"]
[White "Girya, Olga"]
[Black "Hernandez Samayoa, Dilan Alexander"]
[Result "1-0"]
[WhiteTitle "GM"]
[WhiteElo "2393"]
[BlackElo "2006"]
[WhiteFideId "4195752"]
[BlackFideId "7306679"]
[EventDate "2025.07.01"]

1. d4 Nf6 2. Nf3 g6 3. Bg5 Bg7 4. Nbd2 c5 5. Bxf6 Bxf6 6. Ne4 Bg7 7. Nxc5 O-O 8.
e3 Qb6 9. Nd3 d6 10. Be2 e5 11. dxe5 dxe5 12. e4 Nc6 13. O-O Be6 14. c3 Rac8 15.
Qa4 Na5 16. Nfxe5 Nc4 17. Nxc4 Rxc4 18. Qb3 Qc7 19. Qa3 Rxe4 20. Bf3 Rh4 21. g3
Rc4 22. Rad1 a6 23. Rfe1 Rd8 24. Nf4 Bf5 25. Rxd8+ Qxd8 26. Qe7 Qxe7 27. Rxe7
Bb1 28. Bd5 Rc5 29. Bxf7+ Kf8 30. Rxb7 Re5 31. Ne6+ Rxe6 32. Bxe6 1-0

[Event "Titled Tue 1st Jul Late"]
[Site "chess.com INT"]
[Date "2025.07.01"]
[Round "3"]
[White "Vetokhin, Savva"]
[Black "Hauge, Lars Oskar"]
[Result "1/2-1/2"]
[WhiteTitle "GM"]
[BlackTitle "GM"]
[WhiteElo "2570"]
[BlackElo "2462"]
[WhiteFideId "44144474"]
[BlackFideId "1509276"]
[EventDate "2025.07.01"]

1. d4 f5 2. g3 Nf6 3. Bg2 g6 4. Nd2 Bg7 5. e4 fxe4 6. Nxe4 Nxe4 7. Bxe4 d5 8.
Bg2 Nc6 9. Ne2 Bg4 10. c3 O-O 11. O-O Qd7 12. f3 Bh3 13. Bxh3 Qxh3 14. Nf4 Qd7
15. Qb3 e5 16. Qxd5+ Qxd5 17. Nxd5 exd4 18. Nxc7 Rac8 19. Ne6 Rfe8 20. Nxg7 Kxg7
21. Bd2 Re2 22. Rf2 Rxf2 23. Kxf2 Kf7 24. cxd4 Nxd4 25. Rc1 Nc6 26. Be3 a6 27.
Rd1 Rc7 28. Bf4 Re7 29. Bg5 Rc7 30. Bf4 Re7 31. g4 Na5 32. b3 Nc6 33. Rd2 Na7
34. Bg5 Rc7 35. Bd8 Rc8 36. Rd7+ Ke6 37. Rxb7 Nb5 38. Bg5 Rc2+ 39. Kg3 Nd4 40.
Re7+ Kd5 41. Rxh7 Ne2+ 42. Kf2 Nf4+ 43. Ke3 Ng2+ 44. Kd3 Ne1+ 45. Ke3 Ng2+ 46.
Kd3 Ne1+ 47. Ke3 Ng2+ 1/2-1/2

[Event "Titled Tue 1st Jul Late"]
[Site "chess.com INT"]
[Date "2025.07.01"]
[Round "3"]
[White "Logvinov, Petro"]
[Black "Schmider, Niklas"]
[Result "0-1"]
[WhiteTitle "FM"]
[BlackTitle "IM"]
[WhiteElo "2190"]
[BlackElo "2421"]
[WhiteFideId "14176661"]
[BlackFideId "12993778"]
[EventDate "2025.07.01"]

1. e4 c5 2. Nf3 d6 3. d4 cxd4 4. Qxd4 Nf6 5. h3 a6 6. Be2 Nc6 7. Qe3 g6 8. O-O
Bg7 9. Rd1 Nd7 10. Nc3 O-O 11. a3 b6 12. Qg5 Bb7 13. Qh4 Nde5 14. Bh6 Nxf3+ 15.
Bxf3 Ne5 16. Be2 Rc8 17. Rd2 Nc4 18. Bxc4 Rxc4 19. Bxg7 Kxg7 20. Rad1 Qc7 21.
Qf4 Rc8 22. Qe3 b5 23. h4 h5 24. Rd4 Qc5 25. Rxc4 Qxe3 26. Rxc8 Qf4 27. Rc7 Bxe4
28. Rxe7 Bxc2 29. Rde1 Bf5 30. Ra7 Qxh4 31. Ree7 Qc4 32. Rxa6 b4 33. Raa7 bxc3
34. bxc3 Be6 35. a4 Kf6 36. a5 Qxc3 37. Rec7 Qe1+ 38. Kh2 Qxf2 39. a6 Bd5 0-1

[Event "Titled Tue 1st Jul Late"]
[Site "chess.com INT"]
[Date "2025.07.01"]
[Round "3"]
[White "Al Busaidi, Hamood"]
[Black "Bogaudinov, Rushan"]
[Result "1-0"]
[WhiteTitle "CM"]
[BlackTitle "FM"]
[WhiteElo "2028"]
[BlackElo "1912"]
[WhiteFideId "22006230"]
[BlackFideId "4129288"]
[EventDate "2025.07.01"]

1. Nf3 d5 2. d4 e6 3. e3 Nf6 4. c4 Be7 5. Nc3 O-O 6. Bd3 c5 7. dxc5 Bxc5 8. O-O
Nc6 9. a3 a6 10. b4 Bd6 11. Bb2 dxc4 12. Bxc4 b5 13. Bb3 Qe7 14. Rc1 Bb7 15. Qd3
Rfd8 16. Qb1 Ne5 17. Nxe5 Bxe5 18. Ne2 Bxb2 19. Qxb2 Bd5 20. Nd4 Bxb3 21. Qxb3
Rdc8 22. Rc2 Rxc2 23. Qxc2 h5 24. Rc1 Ng4 25. h3 Ne5 26. Qe4 Nc4 27. Qxa8+ Kh7
28. Qe4+ g6 29. a4 Qxb4 30. axb5 axb5 31. Qb7 Ne5 32. Qxb5 Qd2 33. Rc7 Nd3 34.
Rxf7+ Kh6 35. h4 Qc1+ 36. Kh2 Ne5 37. Qxe5 Qh1+ 38. Kxh1 g5 39. Qf6# 1-0

[Event "Titled Tue 1st Jul Late"]
[Site "chess.com INT"]
[Date "2025.07.01"]
[Round "3"]
[White "Novosel, Lovro"]
[Black "Mikhalsky, Vladimir"]
[Result "1-0"]
[WhiteTitle "FM"]
[WhiteElo "2338"]
[BlackElo "2219"]
[WhiteFideId "14547120"]
[BlackFideId "14144352"]
[EventDate "2025.07.01"]

1. c4 c5 2. Nc3 Nf6 3. g3 d5 4. cxd5 Nxd5 5. Bg2 Nc7 6. Nf3 Nc6 7. O-O e5 8. d3
Be7 9. a3 O-O 10. Be3 a5 11. Rc1 Ne6 12. Na4 Ncd4 13. Nxe5 Rb8 14. Nf3 b5 15.
Nc3 b4 16. Ne4 f5 17. Ned2 f4 18. Bxd4 cxd4 19. Ne5 Rb6 20. Ndc4 Ra6 21. Nc6 Qe8
22. Nxe7+ Qxe7 23. axb4 axb4 24. Ra1 Nc5 25. Rxa6 Bxa6 26. Qd2 Nb3 27. Qc2 Nc5
28. Nb6 fxg3 29. hxg3 Kh8 30. Nd5 Qe5 31. Qxc5 Bb7 32. Qxf8# 1-0

[Event "Titled Tue 1st Jul Late"]
[Site "chess.com INT"]
[Date "2025.07.01"]
[Round "3"]
[White "Mafra, Kaiser Luiz"]
[Black "Dobrosmyslov, Artem"]
[Result "1-0"]
[WhiteTitle "CM"]
[BlackTitle "FM"]
[WhiteElo "2076"]
[BlackElo "2260"]
[WhiteFideId "2106698"]
[BlackFideId "24139521"]
[EventDate "2025.07.01"]

1. d4 e6 2. Nc3 c5 3. Bf4 cxd4 4. Qxd4 d6 5. O-O-O Nc6 6. Qd2 e5 7. Bg3 f5 8. f3
Nf6 9. e4 Be7 10. Bc4 a6 11. Bh4 b5 12. Bxf6 Bxf6 13. Bd5 Bg5 14. Bxc6+ Bd7 15.
Bxa8 Bxd2+ 16. Rxd2 Qxa8 17. Rxd6 Ke7 18. Rd5 b4 19. Nce2 Be6 20. Rxe5 Kf6 21.
f4 fxe4 22. Ng3 Rd8 23. Nxe4+ Kf7 24. Ng5+ Kg8 25. Nxe6 Qxg2 26. Nxd8 h6 27. Ne2
Qxh1+ 28. Kd2 Qxh2 29. Re8+ Kh7 30. Ne6 h5 31. Re7 Kh6 32. Nxg7 Qg2 33. Nf5+ Kg6
34. Rg7+ Kxf5 35. Rxg2 1-0

[Event "Titled Tue 1st Jul Late"]
[Site "chess.com INT"]
[Date "2025.07.01"]
[Round "3"]
[White "Dubnevych, Maksym"]
[Black "Movahed, Sina"]
[Result "1-0"]
[WhiteTitle "FM"]
[BlackTitle "GM"]
[WhiteElo "2296"]
[BlackElo "2544"]
[WhiteFideId "14184001"]
[BlackFideId "42520835"]
[EventDate "2025.07.01"]

1. Nc3 c5 2. Nf3 Nc6 3. d4 cxd4 4. Nxd4 Nf6 5. Bg5 e6 6. e4 Bb4 7. Nb5 O-O 8. a3
Be7 9. Qd2 d5 10. exd5 exd5 11. O-O-O Be6 12. f3 Rc8 13. Kb1 Qa5 14. Bxf6 Bxf6
15. Nxd5 Qd8 16. Nd6 Bxd5 17. Qxd5 Rc7 18. Ne4 Qe7 19. Bc4 Ne5 20. Bb3 Rd7 21.
Qb5 Rc7 22. Rhe1 Ng6 23. Nd6 Qd7 24. Qxd7 Rxd7 25. Nxf7 Rxd1+ 26. Rxd1 Rxf7 27.
Rd7 Ne7 28. Rxb7 Kf8 29. Rb8+ 1-0

[Event "Titled Tue 1st Jul Late"]
[Site "chess.com INT"]
[Date "2025.07.01"]
[Round "3"]
[White "Araujo Filho, Luiz Antonio Coel"]
[Black "Bazan Romero, Octavio Aaron"]
[Result "0-1"]
[BlackTitle "FM"]
[WhiteElo "2077"]
[BlackElo "2289"]
[WhiteFideId "2130661"]
[BlackFideId "20003943"]
[EventDate "2025.07.01"]

1. d4 d6 2. Nf3 Nd7 3. c4 e5 4. e3 Ngf6 5. Nc3 Be7 6. Qc2 O-O 7. Be2 c6 8. O-O
Qc7 9. b4 Re8 10. Rb1 Bf8 11. Nd2 g6 12. Rd1 Bh6 13. b5 exd4 14. exd4 Nb6 15.
Bd3 Ng4 16. Nf3 Bxc1 17. Rbxc1 Bd7 18. a4 Be6 19. Ne4 Bxc4 20. Bxc4 Nxc4 21. h3
d5 22. hxg4 Rxe4 23. g5 Rae8 24. Re1 Qf4 25. bxc6 bxc6 26. Rxe4 dxe4 27. Qxc4
exf3 28. Qxc6 Re2 29. Qxf3 Qxc1+ 30. Kh2 Qc7+ 31. g3 Qc2 32. Kg2 Qe4 0-1

[Event "Titled Tue 1st Jul Late"]
[Site "chess.com INT"]
[Date "2025.07.01"]
[Round "3"]
[White "Becking, Stephan"]
[Black "Moroni, Luca Jr"]
[Result "0-1"]
[WhiteTitle "IM"]
[BlackTitle "GM"]
[WhiteElo "2410"]
[BlackElo "2549"]
[WhiteFideId "4632478"]
[BlackFideId "865834"]
[EventDate "2025.07.01"]

1. d4 g6 2. Nf3 Bg7 3. c3 d6 4. Bf4 Nc6 5. e3 e5 6. Bg3 e4 7. Nfd2 f5 8. c4 Nf6
9. h3 O-O 10. Be2 g5 11. Nb3 a5 12. O-O a4 13. Nc1 f4 14. exf4 gxf4 15. Bxf4 Qe7
16. Be3 Kh8 17. b4 Nxb4 18. Nc3 Rg8 19. a3 Nc6 20. Kh1 Bf5 21. Bg5 Qd7 22. g4
Bg6 23. f4 exf3 24. Bxf3 Rgf8 25. N1e2 Na5 26. Bxf6 Bxf6 27. Nd5 Nxc4 28. Nxf6
Rxf6 29. Qc1 d5 30. Ng1 Raf8 31. Qg5 c6 32. Rae1 Qd6 33. Kg2 Qf4 34. Qxf4 Rxf4
35. Kg3 Nxa3 36. Re7 R4f7 37. Ra1 Rxe7 38. Rxa3 b5 39. Rc3 Ra7 0-1